000 00574nam a2200217Ia 4500
003 OSt
005 20220928144004.0
006 a|||||r|||| 00| 0
007 ta
008 220927b |||||||| |||| 00| 0 eng d
024 _a23416
037 _cTextual
040 _aSDCL
_cSDCL
_beng
041 _2eng
_aeng
082 _aO152,1M86:g, M9
100 _aSingh Ella Rani Ed.
_9506276
245 0 _aMaithlisharan Gupt
_b Ek purnmulyankan.
260 _c1989
942 _hO152,1M86:g, M9
_cTEXL
_2CC
999 _c825362
_d825362